Statistics for Oscar Winners for Best Adapted Screenplay

Click here to take the quiz!

General Stats

  • This quiz has been taken 295 times
    (12 since last reset)
  • The average score is 36 of 96

Answer Stats

YearMovie% Correct
2024American Fiction
92%
2007The Departed
75%
2004The Lord of the Rings, Return of the King
75%
2002A Beautiful Mind
67%
2022CODA
67%
1992The Silence of the Lambs
67%
2011The Social Network
67%
2023Women Talking
67%
201412 Years a Slave
58%
2013Argo
58%
2008No Country for Old Men
58%
1994Schindler's List
58%
2009Slumdog Millionaire
58%
1973The Godfather
58%
1985Amadeus
50%
2006Brokeback Mountain
50%
1991Dances with Wolves
50%
1990Driving Miss Daisy
50%
1995Forrest Gump
50%
1940Gone with the Wind
50%
2020Jojo Rabbit
50%
1980Kramer vs Kramer
50%
2017Moonlight
50%
1958The Bridge on the River Kwai
50%
2021The Father
50%
2003The Pianist
50%
1951All About Eve
42%
2018Call me by Your Name
42%
1944Casablanca
42%
1959Gigi
42%
1999Gods and Monsters
42%
1935It Happened One Night
42%
1998L.A. Confidential
42%
1956Marty
42%
1976One Flew Over the Cuckoos Nest
42%
1981Ordinary People
42%
1986Out of Africa
42%
1996Sense and Sensibility
42%
2005Sideways
42%
1984Terms of Endearment
42%
2000The Cider House Rules
42%
2012The Descendants
42%
1988The Last Emperor
42%
2001Traffic
42%
1950A Letter to Three Wives
33%
1945Going my Way
33%
1993Howard's End
33%
1978Julia
33%
1943Mrs Miniver
33%
2010Precious
33%
1960Room at the Top
33%
1997Sling Blade
33%
1947The Best Years of Our Lives
33%
2016The Big Short
33%
1955The Country Girl
33%
1975The Godfather Part II
33%
2015The Imitation Game
33%
1946The Lost Weekend
33%
1949The Treasure of the Sierra Madre
33%
1977All the Presidents Men
25%
1952A Place in the Sun
25%
1987A Room with a View
25%
1957Around the World in 80 Days
25%
1932-1933Bad Girl
25%
1954From Here to Eternity
25%
1968In the Heat of the Night
25%
1933-1934Little Women
25%
1971M*A*S*H
25%
1970Midnight Cowboy
25%
1979Midnight Express
25%
1948Miracle on 34th Street
25%
1983Missing
25%
1982On Golden Pond
25%
1939Pygmalion
25%
1953The Bad and the Beautiful
25%
1930-1931The Big House
25%
1974The Exorcist
25%
1972The French Connection
25%
1938The Life of Emile Zola
25%
1929-1930The Patriot
25%
1941The Philadelphia Story
25%
1963To Kill a Mockingbird
25%
1964Tom Jones
25%
1928-19297th Heaven
17%
1967A Man for all Seasons
17%
1965Becket
17%
2019BlacKkKlansman
17%
1931-1932Cimarron
17%
1989Dangerous Liaisons
17%
1966Doctor Zhivago
17%
1961Elmer Gantry
17%
1942Here Comes Mr. Jordan
17%
1962Judgement at Nuremberg
17%
1936The Informer
17%
1937The Story of Louis Pasteur
17%
1969The Lion in the Winter
8%

Score Distribution

Percentile by Number Answered

Percent of People with Each Score

Your Score History

You have not taken this quiz since the last reset